Anagramy państw azjatyckich - Statystyki

Ogólne statystyki
  • Ten quiz został rozwiązany 37 razy
  • Średni wynik to 32 z 48
Statystyki odpowiedzi
Anagram Państwo % Poprawnych
Nichy Chiny
100%
Dieni Indie
94%
Kiar Irak
91%
Nari Iran
91%
Sojar Rosja
88%
Lipy Fini Filipiny
85%
Aponija Japonia
85%
Poker Łudowoania Korea Południowa
85%
Pistanak Pakistan
85%
Sdybia Ausrajka Arabia Saudyjska
82%
Yaris Syria
82%
Jenme Jemen
79%
Peroka Nółacon Korea Północna
79%
Nilab Liban
79%
Namajm Mjanma
79%
Noam Oman
79%
Dezjonina Indonezja
76%
Rezial Izrael
76%
Sola Laos
76%
Lepan Nepal
76%
Nakszatcha Kazachstan
73%
Zalejam Malezja
73%
Blaan Gszed Bangladesz
70%
Rajzug Gruzja
70%
Ratka Katar
70%
Tujwek Kuwejt
70%
Nazuksiteb Uzbekistan
70%
Tub Han Bhutan
61%
Liran Sak Sri Lanka
61%
Dystaż Nikat Tadżykistan
61%
Ditan Jala Tajlandia
61%
Cutraj Turcja
61%
Bamka Doż Kambodża
58%
Glinomoa Mongolia
58%
Breja Dzanże Azerbejdżan
55%
Gapri Sun Singapur
55%
Mita New Wietnam
55%
Fanis Ganats Afganistan
52%
Ytane Slap Palestyna
52%
Mearina Armenia
48%
Doniraja Jordania
48%
Ktorby Mzina Czenade Ejeri Soa Zjednoczone Emiraty Arabskie
48%
Harb Jan Bahrajn
45%
Knan Meis Rut Turkmenistan
42%
Rubine Brunei
39%
Gra Skinit Kirgistan
39%
Womit Schron Id Timor Wschodni
39%
Wedimyal Malediwy
27%
Nie znaleziono quizów pasujących do podanych kryteriów
Rozkład punktacji
Procent ludzi z każdym wynikiem
Percentyl według liczby udzielonych odpowiedzi
Twoja historia wyników
Nie rozwiązałeś tego quizu